Rivington's building construction (Record no. 103474)
[ view plain ]
| 000 -LEADER | |
|---|---|
| fixed length control field | 01503cam a2200409 4500 |
| 008 - FIXED-LENGTH DATA ELEMENTS--GENERAL INFORMATION | |
| fixed length control field | 040128n2004 000 0 eng u |
| 020 ## - INTERNATIONAL STANDARD BOOK NUMBER | |
| International Standard Book Number | 1873394667 |
| 035 ## - SYSTEM CONTROL NUMBER | |
| System control number | (Sirsi) u125793 |
| 041 ## - LANGUAGE CODE | |
| Language code of text/sound track or separate title | eng |
| 050 ## - LIBRARY OF CONGRESS CALL NUMBER | |
| Classification number | 690 |
| -- | 18 |
| 100 ## - MAIN ENTRY--PERSONAL NAME | |
| Personal name | Smith, Percy |
| 245 ## - TITLE STATEMENT | |
| Title | Rivington's building construction |
| 260 ## - PUBLICATION, DISTRIBUTION, ETC. | |
| Place of publication, distribution, etc. | Shaftesbury |
| Name of publisher, distributor, etc. | Donhead |
| Date of publication, distribution, etc. | 2004 |
| 300 ## - PHYSICAL DESCRIPTION | |
| Extent | 3 |
| Type of unit | v. (520p.) |
| Other physical details | ill. |
| Dimensions | 25cm. |
| 490 ## - SERIES STATEMENT | |
| Series statement | Rivington's Series of Notes on Building Construction |
| 505 ## - FORMATTED CONTENTS NOTE | |
| Formatted contents note | Stone |
| 505 ## - FORMATTED CONTENTS NOTE | |
| Formatted contents note | Bricks, tiles, terra cotta etc |
| 505 ## - FORMATTED CONTENTS NOTE | |
| Formatted contents note | Limes, cements, mortar, concrete, plasters and asphaltes |
| 505 ## - FORMATTED CONTENTS NOTE | |
| Formatted contents note | Metals |
| 505 ## - FORMATTED CONTENTS NOTE | |
| Formatted contents note | Timber |
| 505 ## - FORMATTED CONTENTS NOTE | |
| Formatted contents note | Paints and varnishes |
| 505 ## - FORMATTED CONTENTS NOTE | |
| Formatted contents note | Glass |
| 505 ## - FORMATTED CONTENTS NOTE | |
| Formatted contents note | Paperhanging |
| 505 ## - FORMATTED CONTENTS NOTE | |
| Formatted contents note | Miscellaneous |
| 520 ## - SUMMARY, ETC. | |
| Summary, etc. | Third volume in this three volume work looking in detail at the forms, methods and materials used in building construction. This volume deals with the nature, characteristics, qualities and defects of the materials used in building and engineering works. Also describes the methods of examining and testing such materials. |
| 650 ## - SUBJECT ADDED ENTRY--TOPICAL TERM | |
| Topical term or geographic name entry element | BUILT ENVIRONMENT-BUILDING MATERIALS |
| 650 ## - SUBJECT ADDED ENTRY--TOPICAL TERM | |
| Topical term or geographic name entry element | BUILT ENVIRONMENT-BUILDING MATERIALS-STONE |
| 650 ## - SUBJECT ADDED ENTRY--TOPICAL TERM | |
| Topical term or geographic name entry element | TIMBER |
| 650 ## - SUBJECT ADDED ENTRY--TOPICAL TERM | |
| Topical term or geographic name entry element | GLASS |
| 650 ## - SUBJECT ADDED ENTRY--TOPICAL TERM | |
| Topical term or geographic name entry element | BRICKS |
| 650 ## - SUBJECT ADDED ENTRY--TOPICAL TERM | |
| Topical term or geographic name entry element | CEMENT |
| 650 ## - SUBJECT ADDED ENTRY--TOPICAL TERM | |
| Topical term or geographic name entry element | CONCRETE |
| 650 ## - SUBJECT ADDED ENTRY--TOPICAL TERM | |
| Topical term or geographic name entry element | BUILT ENVIRONMENT-BUILDING MATERIALS-METAL |
| 650 ## - SUBJECT ADDED ENTRY--TOPICAL TERM | |
| Topical term or geographic name entry element | BUILT ENVIRONMENT-BUILDING MATERIALS |
| 690 ## - LOCAL SUBJECT ADDED ENTRY--TOPICAL TERM (OCLC, RLIN) | |
| Topical term or geographic name as entry element | BUILT ENVIRONMENT-BUILDING MATERIALS |
| 942 ## - ADDED ENTRY ELEMENTS (KOHA) | |
| Suppress in OPAC | 0 |
No items available.